|
|
|
|
| LEADER |
01265cam a2200337Ia 4500 |
| 001 |
9780203028520 |
| 003 |
FlBoTFG |
| 005 |
20110119191320.0 |
| 006 |
a|||||s||||||||||| |
| 007 |
cr|||| |
| 008 |
110119s1991 enkaf sbd 001 0 eng d |
| 010 |
|
|
|a 90039713
|
| 020 |
|
|
|a 9780203028520 (e-book : PDF)
|
| 040 |
|
|
|a FlBoTFG
|c FlBoTFG
|d GrThAP
|
| 043 |
|
|
|a aw-----
|
| 090 |
|
|
|a BL1060
|b .L44 1991
|
| 092 |
|
|
|a 299.2
|b L526
|
| 100 |
1 |
|
|a Leick, Gwendolyn,
|d 1951-
|
| 245 |
1 |
2 |
|a A dictionary of ancient Near Eastern mythology
|h [electronic resource] /
|c Gwendolyn Leick.
|
| 260 |
|
|
|a London ;
|a New York :
|b Routledge,
|c 1991.
|
| 300 |
|
|
|a xiii, 199 p., [26] p. of plates :
|b ill. ;
|c 24 cm.
|
| 504 |
|
|
|a Includes bibliographical references (p. 176-188) and index.
|
| 530 |
|
|
|a Also available in print edition.
|
| 533 |
|
|
|a Electronic reproduction.
|b [London, Eng. :
|b Taylor and Francis,
|d 2010].
|n PDF file created from digital scan of print book.
|
| 650 |
|
0 |
|a Mythology, Middle Eastern
|v Dictionaries.
|
| 650 |
|
0 |
|a Mythology, Assyro-Babylonian
|v Dictionaries.
|
| 655 |
|
7 |
|a Electronic books.
|2 lcsh
|
| 776 |
1 |
|
|z 9780415198110
|
| 776 |
1 |
|
|z 0415007623
|
| 776 |
1 |
|
|z 0415198119
|
| 856 |
4 |
0 |
|u http://www.tandfebooks.com/isbn/9780203028520
|z Full Text via HEAL-Link
|